000 00365nam a2200145Ia 4500
008 220120s9999||||xx |||||||||||||| ||und||
020 _a9788131795415
082 _a005.13 SCH
100 _aSchildt, Herbert
245 0 _aJava
250 _a7th
260 _aMcgraw hill book company
_bNew Delhi
_c2013
300 _aXXIV, 684p.
_b525
650 _aCOMPUTER SCIENCE
999 _c132826
_d132826